Corporate worship: (Record no. 19608)

MARC details
000 -LEADER
fixed length control field 00557nam a22001817a 4500
008 - FIXED-LENGTH DATA ELEMENTS--GENERAL INFORMATION
fixed length control field 220930b |||||||| |||| 00| 0 eng d
020 ## - INTERNATIONAL STANDARD BOOK NUMBER
International Standard Book Number 1433569821
050 ## - LIBRARY OF CONGRESS CALL NUMBER
Classification number BV15
Item number .M47 2021
100 ## - MAIN ENTRY--PERSONAL NAME
Personal name Merker, Matt
245 ## - TITLE STATEMENT
Title Corporate worship:
Remainder of title How the church gathers as God's people/
Statement of responsibility, etc. Matt Mrker; foreword by Ligon Duncan
260 ## - PUBLICATION, DISTRIBUTION, ETC. (IMPRINT)
Place of publication, distribution, etc. Wheaton, Illinois
Name of publisher, distributor, etc. Crossway
Date of publication, distribution, etc. 2021
300 ## - PHYSICAL DESCRIPTION
Extent 170p.
440 ## - SERIES STATEMENT/ADDED ENTRY--TITLE
Title 9marks building healthy churches
650 ## - SUBJECT ADDED ENTRY--TOPICAL TERM
Topical term or geographic name as entry element Public worship
650 ## - SUBJECT ADDED ENTRY--TOPICAL TERM
Topical term or geographic name as entry element Religious gatherings
650 ## - SUBJECT ADDED ENTRY--TOPICAL TERM
Topical term or geographic name as entry element Church attendance
942 ## - ADDED ENTRY ELEMENTS (KOHA)
Source of classification or shelving scheme Library of Congress Classification
Koha item type General Collection
Holdings
Withdrawn status Lost status Source of classification or shelving scheme Not for loan Home library Current library Date acquired Cost, normal purchase price Inventory number Total Checkouts Full call number Barcode Date last seen Copy number Price effective from Koha item type
    Library of Congress Classification   Kabarak, Main Campus Kabarak, Main Campus 30/09/2022 1050.00 0597/2022   BV15 .M47 2021 C.1 032065 02/08/2024 C.1 30/09/2022 General Collection
Designed with assistance from East African Informatics Ltd